Combien de ville des Landes (40) connais-tu ? - Statistiques

Statistiques générales
  • Ce quiz a été pris 56 fois
  • Le résultat moyen est 36 sur 327
Statistiques - réponses
Code postal Ville % Correct
40004 Mont-de-Marsan
90%
40107 Dax
88%
40990 Saint-Paul-lès-Dax
63%
40200 Mimizan
57%
40600 Biscarrosse
55%
40300 Pey
55%
40500 Saint-Sever
51%
40141 Soustons
49%
40800 Aire-sur-l'Adour
47%
40130 Capbreton
47%
40700 Hagetmau
47%
40230 Saint-Vincent-de-Tyrosse
43%
40220 Tarnos
43%
40510 Seignosse
39%
40286 Saint-Pierre-du-Mont
37%
40990 Saint-Vincent-de-Paul
37%
40420 Le Sen
35%
40400 Tartas
35%
40530 Labenne
33%
40700 Peyre
33%
40350 Pouillon
33%
40460 Sanguinet
33%
40330 Amou
31%
40110 Morcenx-la-Nouvelle
31%
40160 Parentis-en-Born
31%
40180 Narrosse
29%
40300 Peyrehorade
29%
40300 Labatut
27%
40550 Léon
27%
40150 Soorts-Hossegor
27%
40270 Grenade-sur-l'Adour
24%
40180 Hinx
24%
40170 Lit-et-Mixe
24%
40440 Ondres
24%
40465 Pontonx-sur-l'Adour
24%
40370 Rion-des-Landes
24%
40230 Saint-Geours-de-Maremne
24%
40160 Ychoux
24%
40230 Bénesse-Maremne
22%
40260 Castets
22%
40210 Labouheyre
22%
40250 Mugron
22%
40170 Saint-Julien-en-Born
22%
40190 Villeneuve-de-Marsan
22%
40500 Bas-Mauco
20%
40700 Doazit
20%
40280 Haut-Mauco
20%
40260 Linxe
20%
40140 Magescq
20%
40660 Messanges
20%
40360 Pomarez
20%
40630 Sabres
20%
40180 Candresse
18%
40290 Habas
18%
40260 Lesperon
18%
40660 Moliets-et-Maa
18%
40390 Saint-Martin-de-Seignanx
18%
40180 Yzosse
18%
40500 Coudures
16%
40350 Gaas
16%
40320 Geaune
16%
40180 Heugas
16%
40410 Pissos
16%
40090 Saint-Perdon
16%
40180 Saugnac-et-Cambran
16%
40480 Vieux-Boucau-les-Bains
16%
40140 Azur
14%
40400 Bégaar
14%
40170 Bias
14%
40090 Campagne
14%
40800 Duhort-Bachen
14%
40380 Gamarde-les-Bains
14%
40990 Mées
14%
40180 Oeyreluy
14%
40110 Arengosse
12%
40500 Banos
12%
40180 Bénesse-lès-Dax
12%
40180 Clermont
12%
40210 Escource
12%
40290 Estibeaux
12%
40465 Gousse
12%
40990 Herm
12%
40700 Horsarrieu
12%
40430 Luxey
12%
40170 Mézos
12%
40700 Monségur
12%
40380 Montfort-en-Chalosse
12%
40500 Montsoué
12%
40300 Orthevielle
12%
40200 Pontenx-les-Forges
12%
40700 Poudenx
12%
40120 Roquefort
12%
40700 Sainte-Colombe
12%
40200 Saint-Paul-en-Born
12%
40430 Sore
12%
40180 Sort-en-Chalosse
12%
40250 Souprosse
12%
40260 Taller
12%
40990 Téthieu
12%
40360 Tilh
12%
40250 Toulouzette
12%
40700 Aubagnan
10%
40500 Audignon
10%
40330 Brassempouy
10%
40270 Cazères-sur-l'Adour
10%
40320 Eugénie-les-Bains
10%
40420 Garein
10%
40090 Laglorieuse
10%
40465 Laluque
10%
40800 Latrille
10%
40400 Lesgor
10%
40210 Lüe
10%
40350 Mimbaste
10%
40290 Misson
10%
40500 Montaut
10%
40500 Montgaillard
10%
40380 Poyartin
10%
40320 Samadet
10%
40410 Saugnac-et-Muret
10%
40180 Tercis-les-Bains
10%
40230 Tosse
10%
40630 Trensacq
10%
40560 Vielle-Saint-Girons
10%
40320 Vielle-Tursan
10%
40110 Villenave
10%
40400 Audon
8%
40200 Aureilhan
8%
40500 Aurice
8%
40360 Bastennes
8%
40280 Benquet
8%
40390 Biarrotte
8%
40280 Bretagne-de-Marsan
8%
40360 Castelnau-Chalosse
8%
40500 Cauna
8%
40210 Commensacq
8%
40360 Donzacq
8%
40160 Gastes
8%
40330 Gaujacq
8%
40230 Josse
8%
40320 Lacajunte
8%
40250 Le Leuy
8%
40170 Lévignacq
8%
40270 Le Vignau
8%
40380 Louer
8%
40700 Mant
8%
40250 Maylis
8%
40700 Monget
8%
40290 Mouscardès
8%
40410 Moustey
8%
40330 Nassiet
8%
40380 Onard
8%
40380 Ozourt
8%
40390 Saint-André-de-Seignanx
8%
40090 Saint-Avit
8%
40200 Sainte-Eulalie-en-Born
8%
40300 Saint-Lon-les-Mines
8%
40390 Saint-Martin-de-Hinx
8%
40230 Saubion
8%
40180 Saubusse
8%
40180 Seyresse
8%
40090 Uchacq-et-Parentis
8%
40170 Uza
8%
40380 Vicq-d'Auribat
8%
40110 Ygos-Saint-Saturnin
8%
40320 Arboucave
6%
40430 Argelouse
6%
40090 Bascons
6%
40700 Bassercles
6%
40320 Bats
6%
40250 Bergouey
6%
40330 Bonnegarde
6%
40090 Bougue
6%
40400 Carcen-Ponson
6%
40320 Castelnau-Tursan
6%
40330 Castel-Sarrazin
6%
40300 Cauneille
6%
40250 Caupenne
6%
40700 Cazalis
6%
40500 Eyres-Moncube
6%
40500 Fargues
6%
40380 Gibret
6%
40250 Hauriet
6%
40700 Labastide-Chalosse
6%
40240 Labastide-d'Armagnac
6%
40420 Labrit
6%
40700 Lacrabe
6%
40250 Lahosse
6%
40410 Liposthey
6%
40250 Lourquen
6%
40330 Marpaps
6%
40270 Maurrin
6%
40400 Meilhan
6%
40700 Morganx
6%
40110 Onesse-Laharie
6%
40290 Ossages
6%
40320 Pécorade
6%
40300 Port-de-Lanne
6%
40120 Pouydesseaux
6%
40270 Renung
6%
40700 Saint-Cricq-Chalosse
6%
40380 Saint-Geours-d'Auribat
6%
40380 Saint-Jean-de-Lier
6%
40230 Saint-Jean-de-Marsacq
6%
40320 Saint-Loubouer
6%
40090 Saint-Martin-d'Oney
6%
40180 Saint-Pandelon
6%
40400 Saint-Yaguen
6%
40500 Sarraziet
6%
40700 Serres-Gaston
6%
40210 Solférino
6%
40320 Urgons
6%
40150 Angresse
4%
40330 Arsague
4%
40090 Artassenx
4%
40310 Arx
4%
40320 Bahus-Soubiran
4%
40410 Belhade
4%
40300 Bélus
4%
40370 Beylongue
4%
40700 Beyries
4%
40390 Biaudos
4%
40320 Buanes
4%
40300 Cagnotte
4%
40430 Callen
4%
40380 Cassen
4%
40700 Castaignos-Souslens
4%
40310 Gabarret
4%
40400 Gouts
4%
40300 Hastingues
4%
40250 Larbey
4%
40410 Mano
4%
40090 Mazerolles
4%
40380 Nousse
4%
40300 Oeyregave
4%
40230 Orx
4%
40190 Perquie
4%
40380 Poyanne
4%
40465 Préchacq-les-Bains
4%
40800 Saint-Agnet
4%
40250 Saint-Aubin
4%
40300 Saint-Cricq-du-Gave
4%
40300 Saint-Étienne-d'Orthe
4%
40120 Saint-Gor
4%
40240 Saint-Justin
4%
40120 Sarbazan
4%
40230 Saubrigues
4%
40700 Serreslous-et-Arribans
4%
40990 Angoumé
2%
40700 Argelos
2%
40190 Arthez-d'Armagnac
2%
40380 Baigts
2%
40120 Bélis
2%
40270 Bordères-et-Lamensans
2%
40090 Bostens
2%
40420 Brocas
2%
40120 Cachen
2%
40400 Carcarès-Sainte-Croix
2%
40270 Castandet
2%
40700 Castelner
2%
40090 Cère
2%
40320 Classun
2%
40320 Clèdes
2%
40500 Dumes
2%
40090 Gaillères
2%
40180 Garrey
2%
40090 Geloux
2%
40180 Goos
2%
40990 Gourbera
2%
40310 Herré
2%
40120 Lacquy
2%
40240 Lagrange
2%
40250 Lamothe
2%
40270 Larrivière-Saint-Savin
2%
40320 Lauret
2%
40120 Lencouacq
2%
40240 Lubbon
2%
40630 Luglon
2%
40270 Lussagnet
2%
40320 Miramont-Sensacq
2%
40700 Momuy
2%
40190 Montégut
2%
40250 Nerbis
2%
40300 Orist
2%
40110 Ousse-Suzan
2%
40310 Parleboscq
2%
40320 Philondenx
2%
40320 Pimbo
2%
40190 Pujo-le-Plan
2%
40180 Rivière-Saas-et-Gourby
2%
40390 Saint-Barthélemy
2%
40190 Sainte-Foy
2%
40390 Sainte-Marie-de-Gosse
2%
40550 Saint-Michel-Escalus
2%
40800 Sarron
2%
40180 Siest
2%
40320 Sorbets
2%
40300 Sorde-l'Abbaye
2%
40240 Vielle-Soubiran
2%
40120 Arue
0%
40310 Baudignan
0%
40240 Betbezer-d'Armagnac
0%
40190 Bourdalat
0%
40120 Bourriot-Bergonce
0%
40090 Campet-et-Lamolère
0%
40090 Canenx-et-Réaut
0%
40240 Créon-d'Armagnac
0%
40310 Escalans
0%
40240 Estigarde
0%
40190 Hontanx
0%
40250 Laurède
0%
40190 Le Frêche
0%
40240 Losse
0%
40090 Lucbardez-et-Bargues
0%
40120 Maillas
0%
40120 Maillères
0%
40320 Mauries
0%
40240 Mauvezin-d'Armagnac
0%
40320 Payros-Cazautets
0%
40320 Puyol-Cazalet
0%
40120 Retjons
0%
40310 Rimbez-et-Baudiets
0%
40190 Saint-Cricq-Villeneuve
0%
40190 Saint-Gein
0%
40240 Saint-Julien-d'Armagnac
0%
40390 Saint-Laurent-de-Gosse
0%
40270 Saint-Maurice-sur-Adour
0%
40420 Vert
0%
Aucun quiz correspondant
Distribution des résultats
% des personnes avec chaque résultat
Percentile par nombre de réponses
Votre historique - résultats
Vous n’avez pas pris ce quiz